| 000 | 00389nam a22001457a 4500 | ||
|---|---|---|---|
| 003 | MACL | ||
| 005 | 20191119153045.0 | ||
| 008 | 191119b xxu||||| |||| 00| 0 eng d | ||
| 040 | _cMACL | ||
| 100 |
_aSidurakar, R. _977184 |
||
| 245 | _aApplication of ICT in Libraries and Information Centers | ||
| 260 |
_aDelhi _bD. P. S. Pub _c2017 |
||
| 650 |
_aComputer Science _916 |
||
| 942 |
_2ddc _cBK |
||
| 999 |
_c61342 _d61342 |
||